000 00307nam a22001337a 4500
082 _a891.4393 HAS
100 _aHashim Nadeem
245 _aBachpan ka december
260 _aLahore,
_bIlm o irfan publishers
_c2012
300 _a320p. :
650 _aUrdu literature
700 _aHashim Nadeem
942 _cBK
999 _c11516
_d11516